| 000 | 00832nam a2200253 a 4500 | ||
|---|---|---|---|
| 001 | 1056891 | ||
| 003 | ARRUPE | ||
| 005 | 20220330075639.0 | ||
| 008 | 900129s1988 gw a b 000 0 ger c | ||
| 010 | _a 90110585 | ||
| 020 | _a3150284538 (pbk.) | ||
| 020 | _a3150084539 (hard) | ||
| 040 |
_aMH _cMH |
||
| 050 | 1 | 4 |
_aPN6461 _b.D48 1988 |
| 245 | 0 | 4 |
_aDie Deutschen Sprichwörter / _cgesammelt von Karl Simrock ; Einleitung von Wolfgang Mieder. |
| 260 |
_aStuttgart : _bP. Reclam, _cc1988. |
||
| 300 |
_a630 p. : _bill. ; _c15 cm. |
||
| 490 | 0 |
_aUniversal-Bibliothek ; _vNr. 8453 |
|
| 504 | _aIncludes bibliographical references (p. [16] - 18). | ||
| 650 | 0 |
_aProverbs, German. _951054 |
|
| 700 | 1 |
_aSimrock, Karl Joseph, _d1802-1876. _951055 |
|
| 906 |
_a7 _bcbc _corignew _du _encip _f19 _gy-gencatlg |
||
| 942 |
_2lcc _cMONOGRAPH |
||
| 999 |
_c131148 _d131148 |
||